| 000 | 00531cam a2200205ua 4500 | ||
|---|---|---|---|
| 001 | 2198 | ||
| 005 | 20260515113446.0 | ||
| 008 | 110805n ii |||gr||||Z||||||eng | ||
| 020 | _a81-207-0071-6 | ||
| 040 | _cMAIN | ||
| 082 | _a371.3 | ||
| 100 | _aKochhar, S K., | ||
| 245 | 1 |
_aMethods and techniques of Teaching. _cBy S K Kochhar. |
|
| 250 | _a2nd. | ||
| 260 |
_aNew Delhi: _bSterling publications., _c2006. |
||
| 300 |
_a364 p.: _c23 cm. |
||
| 653 | _aEducation | ||
| 653 | _aMethods and tecniques of teaching. | ||
| 942 | _cBK | ||
| 999 |
_c2064 _d2064 |
||